| 000 -LEADER |
| fixed length control field |
00463nam a22001217a 4500 |
| 040 ## - CATALOGING SOURCE |
| Transcribing agency |
RUA |
| 082 ## - DEWEY DECIMAL CLASSIFICATION NUMBER |
| Classification number |
AFS CIA 2018 A126 Or. |
| 100 ## - MAIN ENTRY--AUTHOR NAME |
| Personal name |
CIAT,USAID, MEKONG INSTITUTE,RUA,AFSA.,UCDAVIS. |
| 245 ## - TITLE STATEMENT |
| Title |
4th AFSA Internationnal Conference On Food Safety And Food Security (AFSA2018)10-12 August 2018, Angkor Paradise Hotel Siem Reap, Cambodia,Technical Program & Book Of Abstracts, |
| 260 ## - PUBLICATION, DISTRIBUTION, ETC. (IMPRINT) |
| Place of publication |
PHNOM PENH |
| Name of publisher |
RUA |
| Year of publication |
2018 |
| 300 ## - PHYSICAL DESCRIPTION |
| Number of Pages |
106p. |
| Other physical details |
ill. |
| Dimensions |
29cm, |
| 942 ## - ADDED ENTRY ELEMENTS (KOHA) |
| Koha item type |
សៀវភៅភាសាអង់គ្លេស |
| 952 ## - LOCATION AND ITEM INFORMATION (KOHA) |
| Withdrawn status [LOCAL, KOHA] |
0 |